000 00470pab a2200157 454500
008 180718b1996 xxu||||| |||| 00| 0 eng d
100 _aEliza, Wing-Yee Lee
245 _aAnti-discrimination legislation and gender equality in Hong Kong: a philosophical and jurisprudential discussion
260 _c1996
300 _ap.22-44
362 _aJun
650 _aWomen - Hong Kong
650 _aWomen
773 _aAsian Journal of Public Administration
909 _a32125
999 _c32125
_d32125